[Event "13. Bayer Open"]
[Site "Leverkusen"]
[Date "2015.02.09"]
[Round "4.38"]
[White "Milz, Ulrich"]
[Black "Hoeper, Heinz-Joachim"]
[Result "0-1"]
[WhiteElo "1554"]
[BlackElo "1523"]
[PlyCount "44"]
[EventDate "2015.??.??"]
[WhiteTeam "SC Bayer Leverkusen"]
[BlackTeam "Pulheimer SC"]

1. e4 c5 2. Bc4 e6 3. Nc3 Nc6 4. a3 a6 5. Nf3 b5 6. Ba2 Bb7 7. O-O g6 8. d3 Bg7
9. Rb1 Nge7 10. Be3 Nd4 11. b4 Nxf3+ 12. Qxf3 Bxc3 13. bxc5 Nf5 14. Qf4 Nd4 15.
Qd6 Nxc2 16. Rbc1 Nxe3 17. fxe3 Bd2 18. Rc2 Bxe3+ 19. Kh1 Qe7 20. Rf3 Qxd6 21.
cxd6 Bb6 22. Rb2 Bc5 0-1

[Event "13. Bayer Open"]
[Site "Leverkusen"]
[Date "2015.02.09"]
[Round "4.39"]
[White "Gülden, Ralf"]
[Black "Domnick, Michael"]
[Result "1/2-1/2"]
[WhiteElo "1503"]
[BlackElo "1789"]
[PlyCount "71"]
[EventDate "2015.??.??"]
[WhiteTeam "Königsspringer Leverkusen"]
[BlackTeam "TV Witzhelden"]

1. d4 Nf6 2. c4 e5 3. dxe5 Ng4 4. Nf3 Bc5 5. e3 Nc6 6. Nc3 Ngxe5 7. Nxe5 Nxe5
8. Be2 O-O 9. O-O Re8 10. b3 a5 11. Bb2 Ra6 12. Qc2 Rh6 13. Ne4 Qh4 14. h3 Ba7
15. Ng3 Rg6 16. Rad1 Bxe3 17. Nf5 Bxf2+ 18. Rxf2 Qxh3 19. Bxe5 Rxe5 20. Rd3
Rxg2+ 21. Rxg2 Qxf5 22. Rd2 Qh3 23. Bf1 Qe3+ 24. Rdf2 d6 25. Qd2 Qc5 26. Qf4
Rf5 27. Qh4 f6 28. Bd3 Rh5 29. Qe4 Kf7 30. Be2 Re5 31. Qxh7 Rg5 32. Rxg5 Qxg5+
33. Rg2 Qe3+ 34. Kh2 Qf4+ 35. Kg1 Qd4+ 36. Kh2 1/2-1/2

[Event "13. Bayer Open"]
[Site "Leverkusen"]
[Date "2015.02.09"]
[Round "4.40"]
[White "Mizich, Vadim"]
[Black "Hoffmann, Michael"]
[Result "0-1"]
[WhiteElo "1449"]
[BlackElo "1696"]
[PlyCount "168"]
[EventDate "2015.??.??"]
[WhiteTeam "Königsspringer Leverkusen"]
[BlackTeam "SG Neuss"]

1. e4 e6 2. d4 d5 3. e5 c5 4. c3 Nc6 5. Nf3 Bd7 6. Bf4 f6 7. Bb5 Qb6 8. Bxc6
Bxc6 9. b3 g5 10. Be3 g4 11. Nh4 f5 12. g3 O-O-O 13. Ng2 cxd4 14. Qxd4 Qxd4 15.
cxd4 Ne7 16. Bg5 Re8 17. h3 Rg8 18. Be3 h5 19. hxg4 hxg4 20. Nf4 Ng6 21. Nd3
Bb5 22. Kd2 Bxd3 23. Kxd3 Bb4 24. Rc1+ Kd7 25. a3 Ba5 26. b4 Bb6 27. Nc3 a6 28.
Na4 Ba7 29. Rc2 Rc8 30. Rac1 Ne7 31. Rxc8 Nxc8 32. Rh1 Rg7 33. Nc3 Nb6 34. a4
Nc4 35. a5 Kc6 36. Rh8 Kd7 37. Ra8 Kc7 38. Bh6 Rh7 39. Bg5 Bb8 40. Bd8+ Kxd8
41. Rxb8+ Kc7 42. Re8 Kd7 43. Rb8 Kc7 44. Rg8 Rh2 45. Ke2 Rh1 46. Na4 Rb1 47.
Rg7+ Kc8 48. Nc5 Rxb4 49. Rg8+ Kc7 50. Nxe6+ Kc6 51. Nc5 Rb2+ 52. Ke1 Rb1+ 53.
Ke2 Rb2+ 54. Kd1 Rxf2 55. Rg6+ Kb5 56. Nxb7 Rd2+ 57. Ke1 Rxd4 58. Nd6+ Kxa5 59.
Nxc4+ dxc4 60. e6 Re4+ 61. Kd2 Kb4 62. e7 Rxe7 63. Rxa6 Rd7+ 64. Kc2 Rd3 65.
Rf6 Rf3 66. Rb6+ Kc5 67. Rb8 Rxg3 68. Rf8 Rf3 69. Kd2 f4 70. Rf5+ Kb4 71. Ke2
Re3+ 72. Kf2 Rf3+ 73. Ke2 c3 74. Kd1 g3 75. Rg5 Rf2 76. Rg8 g2 77. Rb8+ Kc5 78.
Rc8+ Kd4 79. Rd8+ Ke3 80. Re8+ Kf3 81. Rg8 Rf1+ 82. Kc2 g1=Q 83. Rxg1 Rxg1 84.
Kxc3 Ke2 0-1

[Event "13. Bayer Open"]
[Site "Leverkusen"]
[Date "2015.02.09"]
[Round "4.41"]
[White "Richrath, Martin"]
[Black "Kinnert, Reinhard"]
[Result "1-0"]
[WhiteElo "1772"]
[BlackElo "1581"]
[PlyCount "141"]
[EventDate "2015.??.??"]
[WhiteTeam "Langenfelder SF"]
[BlackTeam "TV Witzhelden"]

1. d4 d5 2. Bf4 Bf5 3. c4 dxc4 4. Nc3 e6 5. e3 a6 6. Bxc4 Nf6 7. Nf3 h6 8. h3
Be7 9. O-O O-O 10. a3 Nbd7 11. b4 Nb6 12. Bd3 Bxd3 13. Qxd3 Nbd5 14. Nxd5 Nxd5
15. Bh2 Bd6 16. Rac1 Bxh2+ 17. Kxh2 Qd6+ 18. Kg1 c6 19. Nd2 Ne7 20. Nc4 Qd8 21.
Qe2 f6 22. Na5 Rb8 23. Rfd1 Qd5 24. Rc5 Qe4 25. Nc4 Rfd8 26. Nd2 Qg6 27. Rdc1
Rd5 28. Rxd5 Nxd5 29. Nf3 Rd8 30. Qc2 Qxc2 31. Rxc2 Ne7 32. Kf1 Ra8 33. Nd2 b5
34. Nb3 Kf7 35. Ke2 g5 36. e4 h5 37. Na5 Rc8 38. Rc5 Kg6 39. f3 Kf7 40. h4 Kg6
41. hxg5 fxg5 42. Ke3 h4 43. Nb3 Rh8 44. Re5 h3 45. gxh3 Rxh3 46. Kf2 g4 47.
Rxe6+ Kf7 48. Nc5 Rxf3+ 49. Kg2 Rxa3 50. Rd6 Ke8 51. Rh6 a5 52. bxa5 Rxa5 53.
Kg3 b4 54. Kxg4 Rb5 55. Rh3 Kd8 56. Kg5 Nc8 57. Kf6 Nd6 58. e5 Rxc5 59. dxc5
Ne4+ 60. Kf5 Nxc5 61. e6 Nxe6 62. Kxe6 Kc7 63. Rb3 c5 64. Kd5 Kb6 65. Kc4 Kc6
66. Rb1 Kb6 67. Rh1 Ka5 68. Rh5 Ka4 69. Rxc5 Ka3 70. Rb5 Kb2 71. Rxb4+ 1-0

[Event "13. Bayer Open"]
[Site "Leverkusen"]
[Date "2015.02.09"]
[Round "4.43"]
[White "Paul, André David"]
[Black "Ipekyilmaz, Tayfun"]
[Result "0-1"]
[WhiteElo "1710"]
[BlackElo "1587"]
[PlyCount "76"]
[EventDate "2015.??.??"]
[WhiteTeam "Kölner SK Dr. Lasker"]
[BlackTeam "Langenfelder SF"]

1. d4 Nf6 2. c4 e5 3. dxe5 Ng4 4. Bf4 g5 5. Bg3 Bg7 6. e3 Nxe5 7. Nc3 d6 8. Rc1
Nbc6 9. a3 a5 10. Be2 Be6 11. b3 g4 12. h3 h5 13. Nd5 Qd7 14. Bh4 Ng6 15. Nf6+
Bxf6 16. Bxf6 Rg8 17. hxg4 hxg4 18. Bd3 Nce7 19. Ne2 Bf5 20. e4 Be6 21. Kf1
O-O-O 22. Nc3 Ne5 23. Nd5 Bxd5 24. cxd5 Rg6 25. Bxe7 Qxe7 26. Bb1 Rgg8 27. Qd4
Kb8 28. b4 g3 29. Rh3 gxf2 30. Qxf2 Rg6 31. Qh4 Qxh4 32. Rxh4 Rg3 33. Rh3 Rdg8
34. Kf2 Rxg2+ 35. Ke3 R8g3+ 36. Rxg3 Rxg3+ 37. Kd4 Rxa3 38. bxa5 Ra4+ 0-1

[Event "13. Bayer Open"]
[Site "Leverkusen"]
[Date "2015.02.09"]
[Round "4.44"]
[White "Skiber, Friedel"]
[Black "Müller, Horst"]
[Result "1-0"]
[WhiteElo "1552"]
[BlackElo "1522"]
[PlyCount "91"]
[EventDate "2015.??.??"]
[WhiteTeam "SG Solingen"]
[BlackTeam "SV Springer Hitdorf"]

1. e4 c5 2. Nf3 Nc6 3. d4 cxd4 4. Nxd4 Nf6 5. Nc3 e5 6. Nf5 d5 7. exd5 Bxf5 8.
dxc6 bxc6 9. Qf3 Qc8 10. Bd3 Bxd3 11. Qxd3 Bb4 12. O-O O-O 13. Ne4 Nd5 14. c4
Nf4 15. Qf3 f5 16. Ng3 Ng6 17. a3 e4 18. Qe2 Bd6 19. f4 Qe6 20. Be3 Ne7 21. b4
Rfc8 22. Rad1 c5 23. b5 Rd8 24. Rd2 Rd7 25. Rfd1 Rad8 26. a4 Nc8 27. a5 g6 28.
Rc2 Bc7 29. Ra1 Rd3 30. Qf2 Nd6 31. Bxc5 Nxc4 32. Rac1 Rd1+ 33. Nf1 Rxc1 34.
Rxc1 Bxa5 35. Qa2 Bb6 36. Qxc4 Bxc5+ 37. Qxc5 Kg7 38. Qxa7+ Kh6 39. Qf2 Rb8 40.
Rc7 Qf6 41. Rc6 Qd8 42. b6 Rb7 43. Qc5 Rd7 44. Rc7 Rd1 45. Qe3 Qd6 46. Qh3# 1-0

[Event "13. Bayer Open"]
[Site "Leverkusen"]
[Date "2015.02.09"]
[Round "4.45"]
[White "Reif, Frank"]
[Black "Balduan, Karl-Heinz"]
[Result "1-0"]
[WhiteElo "1736"]
[BlackElo "1510"]
[PlyCount "73"]
[EventDate "2015.??.??"]
[WhiteTeam "TV Witzhelden"]
[BlackTeam "Königsspringer Leverkusen"]

1. e4 e6 2. d4 d5 3. Nc3 Bb4 4. e5 Ne7 5. Nf3 h6 6. a3 Bxc3+ 7. bxc3 O-O 8. Bd3
b6 9. O-O c5 10. a4 c4 11. Be2 Ng6 12. Ba3 Re8 13. g3 Bd7 14. Bc1 Nc6 15. Nd2
Nce7 16. f4 Nf5 17. Nf3 a5 18. Qe1 b5 19. axb5 Bxb5 20. Qf2 a4 21. Ba3 Nfe7 22.
Nd2 Nf8 23. g4 Nc6 24. Qg3 Qa5 25. Qe3 Qd8 26. Rab1 Rb8 27. Nf3 Ng6 28. h3 Nh4
29. Nh2 Ng6 30. f5 Nh4 31. f6 g5 32. Nf3 Ng6 33. h4 Nf4 34. hxg5 Nxe2+ 35. Qxe2
Kh7 36. Qh2 Rh8 37. Qxh6+ 1-0

[Event "13. Bayer Open"]
[Site "Leverkusen"]
[Date "2015.02.09"]
[Round "4.46"]
[White "Hoferichter, Michael"]
[Black "Jacobi, Bernd"]
[Result "1/2-1/2"]
[WhiteElo "1302"]
[BlackElo "1414"]
[PlyCount "43"]
[EventDate "2015.??.??"]
[WhiteTeam "Klub Kölner SF"]
[BlackTeam "Langenfelder SF"]

1. d4 d5 2. c4 c6 3. Nc3 Nf6 4. Nf3 a6 5. e3 Bg4 6. h3 Bxf3 7. Qxf3 e6 8. Bd3
Nbd7 9. Qd1 Bd6 10. Bd2 Qc7 11. cxd5 cxd5 12. Rc1 Qd8 13. O-O O-O 14. Re1 Bb8
15. e4 dxe4 16. Nxe4 Qb6 17. Bc3 Nd5 18. g3 N7f6 19. Nxf6+ Nxf6 20. Qf3 Nd5 21.
Qe4 Nf6 22. Qf3 1/2-1/2

[Event "13. Bayer Open"]
[Site "Leverkusen"]
[Date "2015.02.09"]
[Round "4.47"]
[White "Rist, Kurt"]
[Black "Teuber, Alfons"]
[Result "1-0"]
[WhiteElo "1532"]
[BlackElo "1057"]
[PlyCount "65"]
[EventDate "2015.??.??"]
[WhiteTeam "SG Solingen"]
[BlackTeam "BSW Opladen"]

1. e4 e5 2. Nf3 d6 3. Bc4 h6 4. O-O a6 5. d4 Nc6 6. Re1 Bg4 7. c3 Nf6 8. Nbd2
exd4 9. cxd4 Be7 10. e5 Nd7 11. e6 fxe6 12. Bxe6 Bxe6 13. Rxe6 Nf8 14. Re4 Qd7
15. Qe2 Ng6 16. h4 h5 17. Nf1 O-O-O 18. Bd2 d5 19. Re6 Nf4 20. Bxf4 Rdf8 21.
Bg3 Bf6 22. Rxc6 Qxc6 23. Qd2 Rf7 24. Rc1 Qb6 25. Ne3 g6 26. a4 a5 27. Rc5 Qb4
28. Qc2 Rd7 29. Rb5 Qe7 30. Rxa5 Kb8 31. Rb5 Qe4 32. Qc6 b6 33. Qxb6+ 1-0

[Event "13. Bayer Open"]
[Site "Leverkusen"]
[Date "2015.02.09"]
[Round "4.48"]
[White "Hegmann, Werner"]
[Black "Fried, Hans-Joachim"]
[Result "1-0"]
[WhiteElo "1525"]
[BlackElo "1467"]
[PlyCount "69"]
[EventDate "2015.??.??"]
[WhiteTeam "SV Opladen"]
[BlackTeam "TV Witzhelden"]

1. e4 c5 2. c4 Nc6 3. Nc3 g6 4. g3 Bg7 5. Nge2 d6 6. Bg2 e6 7. O-O Nge7 8. d3
Nd4 9. Rb1 Nec6 10. b3 O-O 11. f4 Nxe2+ 12. Nxe2 Qa5 13. a4 Qb6 14. h3 f5 15.
Be3 Bd7 16. Bf3 Rf7 17. Kg2 Rd8 18. g4 Bc8 19. g5 d5 20. exd5 exd5 21. Bxd5 Qc7
22. Bxf7+ Kxf7 23. Rf3 b6 24. Kg3 Nb4 25. Nc1 Bb7 26. Rf2 Be4 27. Rd2 Nxd3 28.
Nxd3 Bc3 29. Ne5+ Bxe5 30. Rxd8 Ke7 31. fxe5 Bxb1 32. Rd6 Be4 33. Bf4 Qb7 34.
Rf6 Bh1 35. Qd6+ 1-0

[Event "13. Bayer Open"]
[Site "Leverkusen"]
[Date "2015.02.09"]
[Round "4.50"]
[White "Esser, Heinz"]
[Black "Roder, Stephan"]
[Result "1-0"]
[WhiteElo "1315"]
[BlackElo "1369"]
[PlyCount "73"]
[EventDate "2015.??.??"]
[WhiteTeam "SV Bayer Dormagen"]
[BlackTeam "TSV Bergisch Gladbach"]

1. c4 Nf6 2. g3 e5 3. Bg2 Bc5 4. e4 d6 5. Ne2 Bg4 6. O-O Qd7 7. Nbc3 Nc6 8. Kh1
Bh3 9. Bxh3 Qxh3 10. f3 Nd4 11. Ng1 Qe6 12. Nd5 Nxd5 13. cxd5 Qd7 14. Ne2 O-O
15. Nxd4 Bxd4 16. d3 f5 17. Qe2 f4 18. g4 Rf6 19. Rb1 Raf8 20. Kg2 Qe8 21. Bd2
h5 22. g5 Qg6 23. h4 R6f7 24. Bb4 Re7 25. Rbc1 Qe8 26. Ba3 a5 27. b4 Qa4 28.
Bb2 Qxb4 29. Bxd4 Qxd4 30. Rc4 Qa7 31. Rfc1 b6 32. Rc6 Rb8 33. Qc2 Rb7 34. Rxd6
cxd6 35. Qc8+ Kh7 36. g6+ Kh6 37. Qf5 1-0

[Event "13. Bayer Open"]
[Site "Leverkusen"]
[Date "2015.02.09"]
[Round "4.52"]
[White "Holz, Peter"]
[Black "Becker, Johann"]
[Result "0-1"]
[WhiteElo "1392"]
[BlackElo "1449"]
[PlyCount "112"]
[EventDate "2015.??.??"]
[WhiteTeam "Pulheimer SC"]
[BlackTeam "TV Witzhelden"]

1. e4 c5 2. Bc4 Nc6 3. Nf3 e6 4. d3 d5 5. exd5 exd5 6. Bb5 Nf6 7. Bg5 Be7 8.
Ne5 Qb6 9. Bxc6+ bxc6 10. b3 Qc7 11. Nf3 Bg4 12. h3 Bxf3 13. Qxf3 Qe5+ 14. Qe3
Qxa1 15. O-O Qd4 16. Qe2 c4 17. Re1 Qc5 18. dxc4 dxc4 19. Bxf6 gxf6 20. Nd2 Kf8
21. Nxc4 Rd8 22. a3 Rd7 23. b4 Qd5 24. Ne3 Qe5 25. Qg4 Qe6 26. Qf3 Rg8 27. Kf1
Qd6 28. Nf5 Qd5 29. Qxd5 cxd5 30. Nh6 Rg6 31. Nf5 Rg5 32. g4 h5 33. f3 Bd8 34.
h4 Rg8 35. gxh5 Rh8 36. h6 Bc7 37. Kg2 Bf4 38. Kh3 Bxh6 39. Rd1 Bf4 40. c4 d4
41. Kg4 Be5 42. f4 Rg8+ 43. Kf3 Bc7 44. Rxd4 Rxd4 45. Nxd4 a6 46. a4 Ke7 47.
Nf5+ Ke6 48. Ke4 Rg4 49. Nd4+ Kd7 50. Ne2 Rxh4 51. Kf5 Ke7 52. b5 axb5 53. axb5
Bb6 54. Ke4 Ke6 55. Kf3 Rh2 56. Nc3 Rh3+ 0-1

[Event "13. Bayer Open"]
[Site "Leverkusen"]
[Date "2015.03.02"]
[Round "5.1"]
[White "Pauly, Carlo"]
[Black "Rotstein, Jefim"]
[Result "1-0"]
[WhiteElo "2242"]
[BlackElo "2266"]
[PlyCount "69"]
[EventDate "2015.??.??"]
[WhiteTeam "SG Porz"]
[BlackTeam "SC Tornado Hochneukirch"]

1. d4 Nf6 2. c4 e6 3. Nc3 c5 4. d5 exd5 5. cxd5 d6 6. Nf3 Be7 7. h3 O-O 8. e4
Nbd7 9. Bf4 Ne8 10. Be2 Bf6 11. O-O Qe7 12. Bh2 Nc7 13. Re1 Rb8 14. Bf1 Rd8 15.
Kh1 b5 16. e5 Nxe5 17. Nxe5 dxe5 18. f4 Bh4 19. Rxe5 Qf8 20. Ne4 f5 21. Qh5
fxe4 22. Qxh4 Rxd5 23. Rxe4 Bf5 24. Re7 Ne6 25. Rxa7 Rd2 26. Re1 Rxb2 27. a4
bxa4 28. Bc4 Rb1 29. Bg1 Rxe1 30. Qxe1 Qd6 31. Qc3 Qf8 32. Bxc5 Qf6 33. Bd4 Qh6
34. Rxg7+ Kf8 35. Qa3+ 1-0

[Event "13. Bayer Open"]
[Site "Leverkusen"]
[Date "2015.03.02"]
[Round "5.2"]
[White "Evers, Leo"]
[Black "Negele, Michael"]
[Result "0-1"]
[WhiteElo "1975"]
[BlackElo "2117"]
[PlyCount "86"]
[EventDate "2015.??.??"]
[WhiteTeam "SG Porz"]
[BlackTeam "SC Bayer Leverkusen"]

1. d4 Nf6 2. c4 e6 3. g3 d5 4. Nf3 Bb4+ 5. Bd2 Be7 6. Bg2 Ne4 7. O-O O-O 8. Nc3
f5 9. Ne5 Nxd2 10. Qxd2 c6 11. Rad1 Nd7 12. f3 Nxe5 13. dxe5 Qc7 14. cxd5 exd5
15. f4 Be6 16. e3 Rad8 17. Rc1 Qa5 18. a3 d4 19. exd4 Rxd4 20. Qe1 Rfd8 21. Nd5
R8xd5 22. Bxd5 Qxd5 23. b4 a5 24. Rb1 axb4 25. axb4 Rxb4 26. Rxb4 Qc5+ 27. Kg2
Bd5+ 28. Kh3 Qxb4 29. Qxb4 Bxb4 30. Ra1 c5 31. Rd1 Be6 32. Rd8+ Kf7 33. Rb8 Bd5
34. Rd8 Bc6 35. g4 fxg4+ 36. Kxg4 c4 37. Rd4 b5 38. f5 Bc5 39. Rd1 c3 40. h4 b4
41. Rf1 c2 42. f6 Bd7+ 43. Kf4 b3 0-1

[Event "13. Bayer Open"]
[Site "Leverkusen"]
[Date "2015.03.02"]
[Round "5.3"]
[White "Balduan, Markus"]
[Black "Schneider, Bernd"]
[Result "1/2-1/2"]
[WhiteElo "2231"]
[BlackElo "2358"]
[PlyCount "61"]
[EventDate "2015.??.??"]
[WhiteTeam "TV Witzhelden"]
[BlackTeam "Bochumer SV"]

1. c4 e5 2. g3 d5 3. cxd5 Qxd5 4. Nf3 Bb4 5. Nc3 Bxc3 6. dxc3 Qxd1+ 7. Kxd1 Nc6
8. e4 Nf6 9. Nd2 h5 10. h3 Be6 11. Bb5 Bd7 12. Bc4 Na5 13. Bd3 O-O 14. Ke2 b6
15. Nf3 Bc6 16. Nd2 Nb7 17. f3 Nc5 18. Bc4 Rfd8 19. Ke3 b5 20. Be2 h4 21. g4
Ne6 22. a4 a6 23. axb5 axb5 24. Rxa8 Rxa8 25. Nb3 Ra4 26. Kf2 Nd7 27. Be3 Ra2
28. Rb1 Nb6 29. Nc1 Ra8 30. Nd3 f6 31. Nb4 1/2-1/2

[Event "13. Bayer Open"]
[Site "Leverkusen"]
[Date "2015.03.02"]
[Round "5.6"]
[White "Wille, Thomas"]
[Black "Krüger, Andre"]
[Result "1/2-1/2"]
[WhiteElo "1973"]
[BlackElo "2062"]
[PlyCount "63"]
[EventDate "2015.??.??"]
[WhiteTeam "Krefelder SK Turm"]
[BlackTeam "SV Mülheim-Nord"]

1. e4 c5 2. Nf3 e6 3. d4 cxd4 4. Nxd4 Nf6 5. Bd3 Nc6 6. Nxc6 bxc6 7. O-O d5 8.
Nd2 Qc7 9. Qe2 Bd6 10. h3 O-O 11. b3 Nd7 12. Ba6 Bxa6 13. Qxa6 Bf4 14. Qe2 Qe5
15. Ba3 Rfc8 16. Rad1 Qc3 17. Nb1 Qe5 18. g3 Bh6 19. Rfe1 Nf6 20. exd5 Qxe2 21.
Rxe2 cxd5 22. Bb2 Rc6 23. Na3 Ra6 24. Kg2 Rc8 25. c4 dxc4 26. Bxf6 Rxa3 27. Be7
Ra6 28. bxc4 g6 29. Rc2 Bf8 30. Bxf8 Kxf8 31. Rd7 Rc5 32. Rb7 1/2-1/2

[Event "13. Bayer Open"]
[Site "Leverkusen"]
[Date "2015.03.02"]
[Round "5.7"]
[White "Grah, Ulrich"]
[Black "Ljuboschiz, Alexander"]
[Result "1/2-1/2"]
[WhiteElo "1816"]
[BlackElo "2031"]
[PlyCount "48"]
[EventDate "2015.??.??"]
[WhiteTeam "SG Solingen"]
[BlackTeam "SV Würselen"]

1. e4 g6 2. d4 Bg7 3. Nc3 d6 4. Be3 a6 5. Qd2 b5 6. Bd3 Nd7 7. Nf3 c5 8. O-O
Bb7 9. d5 Rc8 10. Rfe1 b4 11. Nd1 Ngf6 12. Bh6 O-O 13. Bxg7 Kxg7 14. Ne3 Nb6
15. c3 e6 16. dxe6 fxe6 17. Ng5 Qd7 18. Nc4 Nxc4 19. Bxc4 Rfe8 20. e5 dxe5 21.
Qxd7+ Nxd7 22. Bxe6 Rc7 23. Rad1 Nf8 24. Bd5 Bc8 1/2-1/2

[Event "13. Bayer Open"]
[Site "Leverkusen"]
[Date "2015.03.02"]
[Round "5.8"]
[White "Birnkott, Manfred"]
[Black "Goerke, Joachim"]
[Result "0-1"]
[WhiteElo "1888"]
[BlackElo "2065"]
[PlyCount "42"]
[EventDate "2015.??.??"]
[WhiteTeam "SC Bayer Leverkusen"]
[BlackTeam "SG Solingen"]

1. e4 e6 2. d4 d5 3. Nc3 Nf6 4. Bg5 dxe4 5. Nxe4 Be7 6. Nxf6+ Bxf6 7. Bxf6 Qxf6
8. Nf3 O-O 9. Bd3 c5 10. Be4 Nc6 11. dxc5 Qxb2 12. O-O Qb4 13. Bxc6 bxc6 14.
Qd6 Ba6 15. Rfb1 Qa4 16. Ne5 Rac8 17. Rb3 Bc4 18. Rb7 Bd5 19. Nxf7 Qe4 20. Nh6+
gxh6 21. Qg3+ Qg6 0-1

[Event "13. Bayer Open"]
[Site "Leverkusen"]
[Date "2015.03.02"]
[Round "5.9"]
[White "Peschel, Andreas"]
[Black "Scharff, Klaus"]
[Result "1-0"]
[WhiteElo "2101"]
[BlackElo "1857"]
[PlyCount "76"]
[EventDate "2015.??.??"]
[WhiteTeam "SG Solingen"]
[BlackTeam "SV Opladen"]

1. d4 e6 2. Nf3 d6 3. g3 f5 4. Bg2 Nf6 5. O-O Be7 6. Nc3 O-O 7. Bg5 h6 8. Bxf6
Rxf6 9. e4 f4 10. e5 Rf7 11. Qd3 g5 12. gxf4 g4 13. Nd2 Rg7 14. Nde4 d5 15. Ng3
c6 16. Nh5 Rh7 17. Qg6+ Kh8 18. Qxg4 Nd7 19. Kh1 Qg8 20. Qxg8+ Kxg8 21. Bh3 Nf8
22. Rg1+ Kf7 23. Rg4 b5 24. Bf1 a5 25. Bd3 Rh8 26. Rag1 a4 27. Nd1 b4 28. Ne3
Bb7 29. Rg7+ Ke8 30. Rxe7+ Kxe7 31. Rg7+ Kd8 32. Rxb7 b3 33. cxb3 axb3 34. a3
Nd7 35. Nf6 Nxf6 36. exf6 Rf8 37. Rh7 Ra4 38. Ng4 Kc8 {Rest unklar.} 1-0

[Event "13. Bayer Open"]
[Site "Leverkusen"]
[Date "2015.03.02"]
[Round "5.10"]
[White "Kuhn, Andreas"]
[Black "Schulte-Lentz, Christian"]
[Result "0-1"]
[WhiteElo "1904"]
[BlackElo "1995"]
[PlyCount "90"]
[EventDate "2015.??.??"]
[WhiteTeam "SG Niederkassel"]
[BlackTeam "Langenfelder SF"]

1. d4 Nf6 2. Nf3 c5 3. d5 e6 4. c4 exd5 5. cxd5 d6 6. Nc3 g6 7. Bf4 a6 8. a4
Qe7 9. h3 Bg7 10. e3 O-O 11. Be2 Nh5 12. Bh2 f5 13. Nd2 f4 14. Nc4 fxe3 15.
Nxe3 Nf4 16. O-O Nd7 17. Qd2 Qg5 18. Bxf4 Rxf4 19. Nc4 Qf6 20. Bd3 Ne5 21. Nxd6
Nxd3 22. Nce4 Qd4 23. Rad1 Rxe4 24. Nxe4 Qxe4 25. Qxd3 Qxd3 26. Rxd3 Bd7 27. b3
Re8 28. Re3 Kf7 29. Rfe1 Rxe3 30. fxe3 b5 31. axb5 Bxb5 32. Rc1 Bf8 33. Kf2 Kf6
34. Kf3 Ke5 35. Rd1 Be7 36. g3 c4 37. bxc4 Bxc4 38. e4 a5 39. Ra1 Bb4 40. d6
Kxd6 41. Rd1+ Ke5 42. Rd7 h5 43. g4 hxg4+ 44. hxg4 a4 45. Ra7 a3 0-1

[Event "13. Bayer Open"]
[Site "Leverkusen"]
[Date "2015.03.02"]
[Round "5.11"]
[White "Sockel, Karl-Heinz"]
[Black "Eigemann, Julian"]
[Result "1/2-1/2"]
[WhiteElo "1893"]
[BlackElo "1977"]
[PlyCount "29"]
[EventDate "2015.??.??"]
[WhiteTeam "SC Bayer Leverkusen"]
[BlackTeam "SG Porz"]

1. d4 Nf6 2. Nf3 g6 3. e3 Bg7 4. b3 O-O 5. Bb2 d6 6. Be2 c5 7. O-O Nc6 8. Nbd2
a6 9. a3 b5 10. c4 Rb8 11. cxb5 axb5 12. dxc5 dxc5 13. Qc2 Nd7 14. Bxg7 Kxg7
15. Ne4 1/2-1/2

[Event "13. Bayer Open"]
[Site "Leverkusen"]
[Date "2015.03.02"]
[Round "5.12"]
[White "Wrzesniak, Marek"]
[Black "Bub, Volker"]
[Result "1/2-1/2"]
[WhiteElo "1867"]
[BlackElo "2029"]
[PlyCount "100"]
[EventDate "2015.??.??"]
[WhiteTeam "BSW Opladen"]
[BlackTeam "SC Tornado Hochneukirch"]

1. d4 d6 2. Nf3 Nf6 3. g3 g6 4. Bg2 Bg7 5. O-O O-O 6. b3 Nc6 7. Bb2 e5 8. dxe5
Ng4 9. Nbd2 Ngxe5 10. Nxe5 Nxe5 11. Rb1 c6 12. Nf3 Nxf3+ 13. Bxf3 Bxb2 14. Rxb2
Qf6 15. Qc1 d5 16. c3 Bh3 17. Bg2 Bxg2 18. Kxg2 Rfe8 19. e3 Qe6 20. Rd2 g5 21.
Rd4 c5 22. Rd2 Qc6 23. Kg1 Rad8 24. Qd1 Qe6 25. c4 f5 26. Rxd5 Rxd5 27. Qxd5
Qxd5 28. cxd5 Rd8 29. Rd1 Kf7 30. f4 g4 31. Kf2 Ke7 32. e4 fxe4 33. Ke3 Kd6 34.
Kxe4 Re8+ 35. Kf5 Re2 36. Kxg4 Rxh2 37. a4 Rf2 38. Rd3 b6 39. Kg5 a6 40. Kh6
Rh2+ 41. Kg7 Rf2 42. Kxh7 b5 43. axb5 axb5 44. Kg6 c4 45. bxc4 bxc4 46. Rd4 c3
47. Rc4 Rf3 48. g4 Kxd5 49. Rc8 Rxf4 50. Rxc3 Rxg4+ 1/2-1/2

[Event "13. Bayer Open"]
[Site "Leverkusen"]
[Date "2015.03.02"]
[Round "5.13"]
[White "Werbeck, Torsten"]
[Black "Bießner, Eberhard"]
[Result "1-0"]
[WhiteElo "2098"]
[BlackElo "1760"]
[PlyCount "47"]
[EventDate "2015.??.??"]
[WhiteTeam "Bahn-SC Wuppertal"]
[BlackTeam "Rheydter SV"]

1. d4 Nf6 2. Nf3 b6 3. g3 Bb7 4. Bg2 Nc6 5. O-O e6 6. c4 Be7 7. Nc3 O-O 8. d5
exd5 9. cxd5 Nb4 10. Nh4 Ne8 11. Nf5 Bf6 12. a3 Bxc3 13. bxc3 Qf6 14. axb4 Qxf5
15. e4 Qf6 16. Qb3 d6 17. Bb2 Qg6 18. c4 f5 19. e5 f4 20. Rae1 dxe5 21. Bxe5
fxg3 22. fxg3 Rxf1+ 23. Rxf1 Qh5 24. c5 1-0

[Event "13. Bayer Open"]
[Site "Leverkusen"]
[Date "2015.03.02"]
[Round "5.14"]
[White "Ziabari, Morteza"]
[Black "Roßkothen, Arnd"]
[Result "0-1"]
[WhiteElo "1792"]
[BlackElo "2045"]
[PlyCount "130"]
[EventDate "2015.??.??"]
[WhiteTeam "Kettwiger SG"]
[BlackTeam "Uedemer SC"]

1. e4 g6 2. d4 Bg7 3. f4 d5 4. e5 h5 5. Bd3 Nh6 6. Nc3 Bf5 7. Nf3 e6 8. Be3
Bxd3 9. Qxd3 Nf5 10. Bf2 a6 11. O-O-O Nc6 12. a3 Na5 13. h3 h4 14. Ne2 Nc4 15.
g4 hxg3 16. Nxg3 Nxg3 17. Bxg3 Qe7 18. Nd2 Nxd2 19. Rxd2 O-O-O 20. h4 Rh5 21.
Rdh2 Qd7 22. Be1 Rdh8 23. Rh3 Bf8 24. Kb1 Be7 25. c4 dxc4 26. Qxc4 Qd5 27. Qxd5
exd5 28. b4 Kd7 29. Kc2 Ke6 30. Kd3 Kf5 31. Kc3 a5 32. bxa5 Bxa3 33. Kc2 Be7
34. Rb3 Bxh4 35. Rxb7 Bxe1 36. Rxe1 Rh2+ 37. Kd1 Ra2 38. Rxc7 Ra1+ 39. Rc1 Rxa5
40. Kd2 Ra4 41. Rc6 Rxd4+ 42. Kc3 Rc4+ 43. Rxc4 dxc4 44. Kxc4 Rh4 45. Kd5 Rxf4
46. Kd6 g5 47. Ke7 Kg6 48. Ra1 g4 49. Ra6+ Kg5 50. Ra8 Rf5 51. e6 fxe6 52. Kxe6
Rf1 53. Rg8+ Kh4 54. Rh8+ Kg3 55. Ke5 Kg2 56. Ke4 g3 57. Ke3 Kg1 58. Ke2 g2 59.
Rg8 Rf4 60. Rg7 Rf6 61. Rg8 Re6+ 62. Kd3 Re5 63. Kd4 Rh5 64. Ke3 Kh2 65. Kf2
Rf5+ 0-1

[Event "13. Bayer Open"]
[Site "Leverkusen"]
[Date "2015.03.02"]
[Round "5.17"]
[White "Gutt, Oswald"]
[Black "Witte, Volker"]
[Result "0-1"]
[WhiteElo "1920"]
[BlackElo "1669"]
[PlyCount "46"]
[EventDate "2015.??.??"]
[WhiteTeam "Bergische SF"]
[BlackTeam "SF Schlebusch"]

1. c4 Nf6 2. d4 g6 3. Nc3 Bg7 4. e4 d6 5. Be2 O-O 6. f4 c5 7. Nf3 Na6 8. d5 Bd7
9. O-O Nc7 10. e5 Ng4 11. Ng5 Nh6 12. exd6 exd6 13. g4 Bd4+ 14. Kh1 Qc8 15. h3
f5 16. Ne6 Nxe6 17. dxe6 Bxe6 18. Nb5 fxg4 19. Nxd4 cxd4 20. hxg4 Bxg4 21. Bxg4
Qxg4 22. Qxg4 Nxg4 23. Bd2 Ne3 0-1

[Event "13. Bayer Open"]
[Site "Leverkusen"]
[Date "2015.03.02"]
[Round "5.18"]
[White "Erdmann, Kristian"]
[Black "Boschek, Hans-Joachim"]
[Result "0-1"]
[WhiteElo "1966"]
[BlackElo "1838"]
[PlyCount "42"]
[EventDate "2015.??.??"]
[WhiteTeam "Königsspringer Leverkusen"]
[BlackTeam "SG Solingen"]

1. e4 c5 2. f4 e6 3. Nf3 Nc6 4. Nc3 d5 5. e5 Be7 6. d4 Nh6 7. Bb5 O-O 8. O-O
Nxd4 9. Nxd4 cxd4 10. Qxd4 Nf5 11. Qd1 Qb6+ 12. Kh1 d4 13. g4 dxc3 14. gxf5
Qxb5 15. f6 Qc6+ 16. Rf3 gxf6 17. f5 b6 18. Bh6 Kh8 19. Bxf8 Bxf8 20. Kg1 Bc5+
21. Kf1 Ba6+ 0-1